LEADER 02643nam 22007094a 450 001 9910454035203321 005 20200520144314.0 010 $a1-282-86432-7 010 $a9786612864322 010 $a0-7735-7427-1 035 $a(CKB)1000000000522764 035 $a(SSID)ssj0000281284 035 $a(PQKBManifestationID)11253954 035 $a(PQKBTitleCode)TC0000281284 035 $a(PQKBWorkID)10300354 035 $a(PQKB)10880625 035 $a(MiAaPQ)EBC3331600 035 $a(CaPaEBR)407552 035 $a(CaBNvSL)slc00207893 035 $a(MiAaPQ)EBC3248793 035 $a(Au-PeEL)EBL3331600 035 $a(CaPaEBR)ebr10178249 035 $a(CaONFJC)MIL286432 035 $a(OCoLC)923231009 035 $a(EXLCZ)991000000000522764 100 $a20040809d2002 uy 0 101 0 $aeng 135 $aurcn||||||||| 181 $ctxt 182 $cc 183 $acr 200 14$aThe last French and Indian war$b[electronic resource] $ean inquiry into a safe-conduct issued in 1760 that acquired the value of a treaty in 1990 /$fDenis Vaugeois ; translated by Ka?the Roth 210 $a[Montre?al] $cMcGill-Queens University Press $cSeptentrion$dc2002 215 $a291 p. $cill., maps 300 $aOriginally published: La fin des alliances franco-indiennes. Montre?al : Bore?al and Sillery : Septentrion, c1995. 311 $a2-89448-311-2 320 $aIncludes bibliographical references (p. [267]-274) and index. 606 $aIndians of North America$zQue?bec (Province)$xGovernment relations 606 $aIndians of North America$zQue?bec (Province)$vTreaties 606 $aWyandot Indians$xGovernment relations 606 $aIndiens d'Ame?rique$zQue?bec (Province)$xRelations avec l'E?tat 606 $aIndiens d'Ame?rique$zQue?bec (Province)$xTraite?s 606 $aHurons$xRelations avec l'E?tat 607 $aCanada$xHistory$y1755-1763 607 $aCanada$xHistoire$y1760-1763 (Re?gime militaire) 608 $aElectronic books. 615 0$aIndians of North America$xGovernment relations. 615 0$aIndians of North America 615 0$aWyandot Indians$xGovernment relations. 615 6$aIndiens d'Ame?rique$xRelations avec l'E?tat. 615 6$aIndiens d'Ame?rique$xTraite?s. 615 6$aHurons$xRelations avec l'E?tat. 676 $a323.1197/0714 700 $aVaugeois$b Denis$0948069 701 $aRoth$b Ka?the$0948070 801 0$bMiAaPQ 801 1$bMiAaPQ 801 2$bMiAaPQ 906 $aBOOK 912 $a9910454035203321 996 $aThe last French and Indian war$92142937 997 $aUNINA LEADER 05652nam 2200709Ia 450 001 9910145814303321 005 20170809160351.0 010 $a1-78268-680-0 010 $a1-282-00744-0 010 $a9786612007446 010 $a1-4051-8489-2 010 $a1-4443-0477-1 010 $a1-4443-0478-X 035 $a(CKB)1000000000715908 035 $a(EBL)416345 035 $a(OCoLC)437096622 035 $a(SSID)ssj0000126190 035 $a(PQKBManifestationID)11133583 035 $a(PQKBTitleCode)TC0000126190 035 $a(PQKBWorkID)10032226 035 $a(PQKB)11738518 035 $a(MiAaPQ)EBC416345 035 $a(EXLCZ)991000000000715908 100 $a20080225d2008 uy 0 101 0 $aeng 135 $aur|n|---||||| 181 $ctxt 182 $cc 183 $acr 200 02$aA companion to the British and Irish short story$b[electronic resource] /$fedited by Cheryl Alexander Malcolm and David Malcolm 210 $aChichester, U.K. ;$aMalden, MA $cWiley-Blackwell$d2008 215 $a1 online resource (587 p.) 225 1 $aBlackwell companions to literature and culture ;$v56 300 $aDescription based upon print version of record. 311 $a1-4051-4537-4 320 $aIncludes bibliographical references and index. 327 $aContents; Notes on Contributors; Preface; Part I: 1880-1945; Introduction; 1: The British and Irish Short Story to 1945; Topics and Genres; 2: The Story of Colonial Adventure; 3: Responses to War: 1914-1918 and 1939-1945; 4: Irish Short Fiction: 1880-1945; 5: The Detective and Crime Story: 1880-1945; 6: The British and Irish Ghost Story and Tale of the Supernatural: 1880-1945; 7: Finding a Voice: Women Writing the Short Story (to 1945); 8: Rudyard Kipling's Art of the Short Story; Reading Individual Authors and Texts 327 $a9: Robert Louis Stevenson: "The Bottle Imp," "The Beach of Falesa?," and "Markheim"10: Thomas Hardy: Wessex Tales; 11: Joseph Conrad: "The Secret Sharer" and "An Outpost of Progress"; 12: The Short Stories of Hector Hugh Munro ("Saki"); 13: Paralysis Re-considered: James Joyce's Dubliners; 14: H.G. Wells's Short Stories: "The Country of the Blind" and "The Door in the Wall"; 15: D.H. Lawrence's Short Stories: "The Horse Dealer's Daughter" and "The Rocking Horse Winner"; 16: Virginia Woolf: "Kew Gardens" and "The Legacy"; 17: Katherine Mansfield: "The Garden Party" and "Marriage a? la Mode" 327 $a18: Frank O'Connor: "Guests of the Nation" and "My Oedipus Complex"19: The Short Stories of Liam O'Flaherty; 20: W. Somerset Maugham's Ashenden Stories; 21: Elizabeth Bowen: "The Demon Lover" and "Mysterious Ko?r"; Part II: 1945-the Present; Introduction; 22: The British and Irish Short Story: 1945-Present; Topics and Genres; 23: New Identities: The Irish Short Story since 1945; 24: Redefining Englishness: British Short Fiction from 1945 to the Present; 25: Scottish Short Stories (post 1945) 327 $a26: Hybrid Voices and Visions: The Short Stories of E.A. Markham, Ben Okri, Salman Rushdie, Hanif Kureishi, Patricia Duncker, and Jackie Kay27: The Anglo-Jewish Short Story since the Holocaust; 28: Feminist Voices: Women's Short Fiction after 1945; 29: British Gay and Lesbian Short Stories; 30: Science Fiction and Fantasy after 1945: Beyond Pulp Fiction; 31: Experimental Short Fiction in Britain since 1945; Reading Individual Authors and Texts; 32: The Short Stories of Julian Maclaren-Ross; 33: Alan Sillitoe: "The Loneliness of the Long Distance Runner" 327 $a34: The Short Stories of Elizabeth Taylor35: The Short Fiction of V.S. Pritchett; 36: Edna O'Brien: "A Rose in the Heart of New York"; 37: Doris Lessing: African Stories; 38: The Desire for Clarity: Sea?n O'Faola?in's "Lovers of the Lake"; 39: The Short Stories of Muriel Spark; 40: Jean Rhys: "Let Them Call It Jazz"; 41: George Mackay Brown: "Witch," "Master Halcrow, Priest," "A Time to Keep," and "The Tarn and the Rosary"; 42: William Trevor: Uncertain Grounds for Assured Art; 43: John McGahern: Nightlines; 44: The Clinking of an Identity Disk: Bernard MacLaverty's "Walking the Dog" 327 $a45: Angela Carter's The Bloody Chamber: A World Transformed by Imagination and Desire - Adventures in Anarcho-Surrealism 330 $aA Companion to the British and Irish Short Story provides a comprehensive treatment of short fiction writing and chronicles its development in Britain and Ireland from 1880 to the present.Provides a comprehensive treatment of the short story in Britain and Ireland as it developed over the period 1880 to the presentIncludes essays on topics and genres, as well as on individual texts and authorsComprises chapters on women's writing, Irish fiction, gay and lesbian writing, and short fiction by immigrants to Britain 410 0$aBlackwell companions to literature and culture ;$v56. 606 $aEnglish fiction$xIrish authors$xHistory and criticism 606 $aShort stories, English$xHistory and criticism 606 $aShort stories, English$xThemes, motives 608 $aElectronic books. 615 0$aEnglish fiction$xIrish authors$xHistory and criticism. 615 0$aShort stories, English$xHistory and criticism. 615 0$aShort stories, English$xThemes, motives. 676 $a823.0109 676 $a823/.0109 701 $aMalcolm$b Cheryl Alexander$0486995 701 $aMalcolm$b David$f1952-$0623044 801 0$bMiAaPQ 801 1$bMiAaPQ 801 2$bMiAaPQ 906 $aBOOK 912 $a9910145814303321 996 $aA companion to the British and Irish short story$92206570 997 $aUNINA